Statistiques concernant Les plus grandes villes françaises par superficie (+30000 h)

Cliquez ici pour prendre le quiz!

Statistiques générales

  • Ce quiz a été pris 173 fois
  • Le résultat moyen est 7 sur 13

Statistiques - réponses

RangDépartementSuperficieVille% Correct
#9Bouches-du-Rhône240,62 km²Marseille
97%
#164Paris105,40 km²Paris
90%
#119Haute-Garonne118,30 km²Toulouse
75%
#51Gard161,85 km²Nîmes
71%
#1Bouches-du-Rhône758,93 km²Arles
58%
#29Bouches-du-Rhône186,08 km²Aix-en-Provence
54%
#142Hautes-Alpes110,43 km²Gap
53%
#92Var132,38 km²Hyères
48%
#40Aude172,96 km²Narbonne
47%
#133Bouches-du-Rhône113,73 km²Istres
42%
#176Var102,27 km²Fréjus
40%
#88Tarn-et-Garonne135,17 km²Montauban
38%
#31Bas-Rhin182,59 km²Haguenau
23%

Distribution des résultats

Percentile par nombre de réponses

% des personnes avec chaque résultat

Votre développement - résultats

Vous n’avez pas pris ce quiz